[Event "Centelles op B"]
[Site "Centelles"]
[Date "1996.09.28"]
[Round "4"]
[White "Verdaguer Muntanya, Marc"]
[Black "Bella Redondo, Xavier"]
[Result "1/2-1/2"]
[WhiteElo "1865"]
[BlackElo "1910"]
[PlyCount "44"]
[EventDate "1996.09.07"]
[EventType "swiss"]
[EventRounds "8"]
[EventCountry "ESP"]
[SourceTitle "EXT 2003"]
[Source "ChessBase"]
[SourceDate "2002.11.25"]
[SourceVersion "1"]
[SourceVersionDate "2002.11.25"]
[SourceQuality "1"]

1. e4 c6 2. d4 d5 3. e5 Bf5 4. Ne2 e6 5. Ng3 Bg6 6. Bd3 Bxd3 7. Qxd3 Ne7 8. Bg5 Qb6 9. Nc3 Nd7 10. 0-0 c5 11. Na4 Qb4 12. Nxc5 Nxc5 13. dxc5 Qxc5 14. Be3 Qc7 15. f4 Nc6 16. c3 Be7 17. Bd4 Nxd4 18. cxd4 0-0 19. Rac1 Qb6 20. Rc2 Rac8 21. Rfc1 Rc6 22. Ne2 Rfc8 1/2-1/2

[Event "Centelles op B"]
[Site "Centelles"]
[Date "1996.09.14"]
[Round "2"]
[White "Requesens Burzon, Jordi"]
[Black "Bella Redondo, Xavier"]
[Result "1/2-1/2"]
[WhiteElo "1845"]
[BlackElo "1910"]
[PlyCount "53"]
[EventDate "1996.09.07"]
[EventType "swiss"]
[EventRounds "8"]
[EventCountry "ESP"]
[SourceTitle "EXT 2003"]
[Source "ChessBase"]
[SourceDate "2002.11.25"]
[SourceVersion "1"]
[SourceVersionDate "2002.11.25"]
[SourceQuality "1"]

1. Nf3 Nf6 2. c4 e6 3. g3 c5 4. Bg2 d5 5. d4 Nc6 6. 0-0 cxd4 7. cxd5 exd5 8. Nxd4 Bc5 9. Nb3 Bb6 10. Bg5 0-0 11. Nc3 Be6 12. Rc1 h6 13. Bxf6 Qxf6 14. a3 Rfd8 15. Rc2 Qf5 16. Rd2 d4 17. Na4 Bxb3 18. Qxb3 Na5 19. Qb4 Nc6 20. Bxc6 Ba5 21. Qxb7 Bxd2 22. Qe7 Rac8 23. Be4 Qd7 24. Qxd7 Rxd7 25. Bf5 Rdc7 26. Bxc8 Rxc8 27. Rd1 1/2-1/2

[Event "Centelles op B"]
[Site "Centelles"]
[Date "1996.09.07"]
[Round "1"]
[White "Bella Redondo, Xavier"]
[Black "Tio Osuna, Jaume"]
[Result "1-0"]
[WhiteElo "1910"]
[BlackElo "1815"]
[PlyCount "37"]
[EventDate "1996.09.07"]
[EventType "swiss"]
[EventRounds "8"]
[EventCountry "ESP"]
[SourceTitle "EXT 2003"]
[Source "ChessBase"]
[SourceDate "2002.11.25"]
[SourceVersion "1"]
[SourceVersionDate "2002.11.25"]
[SourceQuality "1"]

1. e4 e5 2. Nf3 Nc6 3. Bb5 d6 4. 0-0 Bd7 5. Nc3 Nf6 6. d3 a6 7. Ba4 b5 8. Bb3 Bg4 9. h3 Bxf3 10. Qxf3 Nd4 11. Qg3 b4 12. Be3 bxc3 13. Bxd4 exd4 14. bxc3 dxc3 15. e5 dxe5 16. Qxe5+ Qe7 17. Qxc3 Qd7 18. Qc4 Bd6 19. Ba4 1-0